Coupe du Monde 2010 - Un Joueur par équipe - Statistiques

Statistiques générales
  • Ce quiz a été pris 386 fois
  • Le résultat moyen est 24 sur 32
Statistiques - réponses
Hint Réponse % Correct
Luis Suárez Uruguay
95%
Ángel Di María Argentine
93%
Kaká Brésil
93%
Didier Drogba Côte d'Ivoire
93%
Pepe Portugal
93%
Alexis Sánchez Chili
91%
Cesc Fàbregas Espagne
91%
Florent Malouda France
91%
Gennaro Gattuso Italie
91%
Giovanni van Bronckhorst Pays-Bas
89%
Giorgos Karagounis Grèce
88%
Junichi Inamoto Japon
88%
Guillermo Ochoa Mexique
88%
Peter Crouch Angleterre
85%
Karim Ziani Algérie
84%
André Ayew Ghana
83%
Lukas Podolski Allemagne
82%
Lee Woon-jae Corée du Sud
79%
Tim Cahill Australie
78%
Dejan Stanković Serbie
77%
Siphiwe Tshabalala Afrique du Sud
76%
Marek Hamšík Slovaquie
76%
Nwankwo Kanu Nigeria
72%
Ji Yun-nam Corée du Nord
71%
Rigobert Song Cameroun
67%
Roque Santa Cruz Paraguay
61%
Dennis Rommedahl Danemark
51%
Stéphane Grichting Suisse
43%
Valter Birsa Slovénie
41%
Carlos Pavón Honduras
40%
Simon Elliott Nouvelle-Zélande
36%
Carlos Bocanegra Etats-Unis
25%
Aucun quiz correspondant
Distribution des résultats
% des personnes avec chaque résultat
Percentile par nombre de réponses
Votre historique - résultats
Vous n’avez pas pris ce quiz